000 00486nam a22001931c 4500
001 00022488162
008 051003s1984 gw |||| 000u eng d
020 _a0631129928
_90-631-12992-8
100 1 _aGellner, Ernest
245 0 0 _aNations and nationalism
250 _aRepr.
264 _aOxford :
_bBlackwell,
_c1984
300 _aVIII, 150 S.
650 0 _aNationalismus
942 _cMG
040 _cRU-10907106
003 RU-10907106
999 _c16459
_d16459
490 0 _aNew perspectives on the past